000 00340nam a2200145Ia 4500
008 230917s9999||||xx |||||||||||||| ||und||
040 _e160020
_aMAIN
041 _aEnglish
082 _a647.94 A38H
100 _aAggarwal, Ravi
245 0 _aHotel front office
260 _aNew Delhi
_bSublime
_c2002
300 _a229 p.
942 _cBK
999 _c135874
_d135874